[Event "II Open Internacional Hotel Murta Xativa (Event Code: 141022)"]
[Site "Hotel Murta"]
[Date "2016.08.22"]
[Round "1"]
[Board "2"]
[White "Munoz, Miguel"]
[Black "Albuixec Sanz, Jorge"]
[Result "1-0"]
[WhiteElo "2451"]
[BlackElo "1824"]
[PlyCount "47"]
[EventDate "2016.08.22"]
[EventRounds "9"]
[EventCountry "ESP"]

1. e4 e5 2. d4 exd4 3. Qxd4 Nc6 4. Qe3 Nf6 5. Bd2 Bb4 6. Nc3 Qe7 7. O-O-O d6 8.
f3 Be6 9. Bb5 a6 10. Bxc6+ bxc6 11. Nge2 Rb8 12. Nd4 Bd7 13. g4 Bxc3 14. Qxc3
c5 15. Nf5 Bxf5 16. exf5 O-O 17. Rhe1 Qd7 18. Bg5 Qc6 19. Bxf6 gxf6 20. Qxf6
Qxf3 21. Qg5+ Kh8 22. Re3 Qb7 23. Qf6+ Kg8 24. Rh3 1-0

[Event "II Open Internacional Hotel Murta Xativa (Event Code: 141022)"]
[Site "Hotel Murta"]
[Date "2016.08.22"]
[Round "1"]
[Board "3"]
[White "Crespo Calatayud, Santiago"]
[Black "Cruz Lledo, Pablo"]
[Result "0-1"]
[WhiteElo "1797"]
[BlackElo "2414"]
[PlyCount "98"]
[EventDate "2016.08.22"]
[EventRounds "9"]
[EventCountry "ESP"]

1. Nf3 d5 2. c4 c6 3. d4 Nf6 4. Nc3 dxc4 5. g3 g6 6. Bg2 Bg7 7. Ne5 Be6 8. O-O
Nbd7 9. Nf3 Bd5 10. Re1 Bxf3 11. Bxf3 O-O 12. Rb1 Qc7 13. b3 cxb3 14. Qxb3 Rab8
15. Ba3 Nb6 16. Bc5 Nc8 17. Rec1 Nd7 18. Ba3 Bxd4 19. Nb5 Bxf2+ 20. Kxf2 Qb6+
21. Kg2 cxb5 22. Qxb5 Qxb5 23. Rxb5 Ndb6 24. Rc7 Re8 25. Bxb7 Nd6 26. Bxd6 exd6
27. Bf3 Re5 28. a4 Rxb5 29. axb5 d5 30. Rxa7 Nc4 31. Kf2 Rxb5 32. Rd7 Nb6 33.
Rb7 Rb4 34. g4 g5 35. h3 Kg7 36. Kg3 Kf6 37. Rb8 d4 38. Rh8 Kg7 39. Rd8 Na4 40.
h4 gxh4+ 41. Kxh4 Nc5 42. Rd5 Ne6 43. Be4 h6 44. Rd7 Kf6 45. Bf3 Ng5 46. Kh5
Rb1 47. Rd6+ Ke7 48. Rxd4 Nxf3 49. Re4+ Kf8 0-1

[Event "II Open Internacional Hotel Murta Xativa (Event Code: 141022)"]
[Site "Hotel Murta"]
[Date "2016.08.22"]
[Round "1"]
[Board "4"]
[White "Fenollar Jorda, Manuel"]
[Black "Sisternes Morales, Francisco"]
[Result "1-0"]
[WhiteElo "2338"]
[BlackElo "1782"]
[PlyCount "65"]
[EventDate "2016.08.22"]
[EventRounds "9"]
[EventCountry "ESP"]

1. d4 d5 2. Nf3 Nc6 3. Bf4 Nf6 4. c4 Bg4 5. e3 Nh5 6. cxd5 Qxd5 7. Bxc7 Rc8 8.
Nc3 Bxf3 9. gxf3 Qd7 10. Bg3 e6 11. Rc1 Bb4 12. Be2 Nf6 13. a3 Bxc3+ 14. Rxc3
O-O 15. O-O Nh5 16. Qc2 Nxg3 17. hxg3 Ne7 18. Rc1 Rxc3 19. bxc3 Rc8 20. Qb3 b6
21. f4 Qc6 22. Qb5 Qe4 23. Qd7 Kf8 24. Ba6 Rb8 25. Qc7 Qa8 26. c4 g6 27. e4 Rd8
28. d5 Qb8 29. d6 Ng8 30. e5 Nh6 31. c5 Nf5 32. Qxb8 Rxb8 33. c6 1-0

[Event "II Open Internacional Hotel Murta Xativa (Event Code: 141022)"]
[Site "Hotel Murta"]
[Date "2016.08.22"]
[Round "1"]
[Board "5"]
[White "Sanchis Hernandez, Sergi"]
[Black "Castella Garcia, Fausto"]
[Result "0-1"]
[WhiteElo "1768"]
[BlackElo "2325"]
[PlyCount "48"]
[EventDate "2016.08.22"]
[EventRounds "9"]
[EventCountry "ESP"]

1. e4 c5 2. Nf3 e6 3. d4 cxd4 4. Nxd4 a6 5. Nc3 b5 6. a3 Bb7 7. f3 Qc7 8. Be3
Nf6 9. Qd2 Nc6 10. g4 h6 11. Nxc6 Bxc6 12. Bf4 e5 13. Be3 b4 14. axb4 Bxb4 15.
Qf2 Bxe4 16. Rc1 Nxg4 17. Qe2 Nxe3 18. Qxe3 Bb7 19. Bg2 O-O 20. Qd3 Qc5 21. Rd1
d5 22. Kf1 a5 23. Ne2 Ba6 24. Qb3 a4 0-1

[Event "II Open Internacional Hotel Murta Xativa (Event Code: 141022)"]
[Site "Hotel Murta"]
[Date "2016.08.22"]
[Round "1"]
[Board "6"]
[White "Kovacevic, Slobodan"]
[Black "Alcala Cuesta, Miguel"]
[Result "1-0"]
[WhiteElo "2303"]
[BlackElo "1752"]
[PlyCount "59"]
[EventDate "2016.08.22"]
[EventRounds "9"]
[EventCountry "ESP"]

1. d4 Nf6 2. Nf3 g6 3. Bg5 Bg7 4. Nbd2 d5 5. c3 Nbd7 6. b4 O-O 7. e3 Re8 8. Be2
h6 9. Bh4 e5 10. h3 e4 11. Nh2 g5 12. Bg3 Nh7 13. Qb3 c6 14. c4 Nb6 15. c5 Nd7
16. Bd6 Bf8 17. Bg3 f5 18. Nhf1 Nhf6 19. Qc3 Bg7 20. Nb3 Nf8 21. Bd6 Ne6 22.
Ng3 Nc7 23. a4 a6 24. O-O Qd7 25. Nxf5 Qxf5 26. Bxc7 g4 27. h4 g3 28. Bxg3 Qg6
29. Na5 Re7 30. b5 1-0

[Event "II Open Internacional Hotel Murta Xativa (Event Code: 141022)"]
[Site "Hotel Murta"]
[Date "2016.08.22"]
[Round "1"]
[Board "7"]
[White "Garcia Martin, Javier Antonio"]
[Black "Ballester Llagaria, Luis Eduardo"]
[Result "0-1"]
[WhiteElo "1741"]
[BlackElo "2299"]
[PlyCount "70"]
[EventDate "2016.08.22"]
[EventRounds "9"]
[EventCountry "ESP"]

1. Nf3 d5 2. g3 Bg4 3. Bg2 c6 4. O-O Nf6 5. d3 Nbd7 6. Nbd2 e5 7. e4 Bc5 8. Re1
dxe4 9. dxe4 O-O 10. Nb3 Bb6 11. c3 Qe7 12. Qc2 Rfd8 13. a4 a5 14. Be3 Bxe3 15.
Rxe3 Nb6 16. Rd3 Nfd7 17. Rad1 Nxa4 18. h3 Be6 19. R3d2 Nab6 20. Ra1 a4 21. Nc1
Nc4 22. Rd1 Nc5 23. Rxd8+ Rxd8 24. Bf1 b5 25. Kh2 f6 26. Be2 Qd7 27. Na2 Nd2
28. Nb4 Bb3 29. Qc1 Ncxe4 30. Kg2 c5 31. Nc2 Nxf3 32. Bxf3 Ng5 33. Bg4 Qd2 34.
Ne3 Qxc1 35. Rxc1 Rd2 0-1

[Event "II Open Internacional Hotel Murta Xativa (Event Code: 141022)"]
[Site "Hotel Murta"]
[Date "2016.08.22"]
[Round "1"]
[Board "8"]
[White "Gomez Jurado, Luis Alberto"]
[Black "Morant Gomar, Sergio"]
[Result "1-0"]
[WhiteElo "2266"]
[BlackElo "1680"]
[PlyCount "53"]
[EventDate "2016.08.22"]
[EventRounds "9"]
[EventCountry "ESP"]

1. c4 e5 2. g3 Nf6 3. Bg2 Nc6 4. Nc3 Be7 5. Nf3 O-O 6. O-O d5 7. cxd5 Nxd5 8.
Nxe5 Nxc3 9. Nxc6 Nxd1 10. Nxd8 Nxf2 11. Nxb7 Nh3+ 12. Kh1 Rb8 13. Na5 Bc5 14.
d4 Bxd4 15. Nc6 Nf2+ 16. Rxf2 Bxf2 17. Nxb8 Bg4 18. Nc6 Bxe2 19. Bf4 Bb6 20. a4
a5 21. Bd2 Bg4 22. Bxa5 Re8 23. Bxb6 cxb6 24. b4 Bd7 25. a5 bxa5 26. bxa5 Re6
27. a6 1-0

[Event "II Open Internacional Hotel Murta Xativa (Event Code: 141022)"]
[Site "Hotel Murta"]
[Date "2016.08.22"]
[Round "1"]
[Board "9"]
[White "Pradas Soria, Ernesto"]
[Black "Garcia Jimenez, Francisco Javier"]
[Result "0-1"]
[WhiteElo "1664"]
[BlackElo "2251"]
[PlyCount "54"]
[EventDate "2016.08.22"]
[EventRounds "9"]
[EventCountry "ESP"]

1. d4 c5 2. d5 Nf6 3. c4 b5 4. cxb5 a6 5. Nf3 g6 6. Nc3 Bg7 7. e4 d6 8. Be2 O-O
9. O-O axb5 10. Bxb5 Ba6 11. Re1 Nfd7 12. Qe2 Qa5 13. Bd2 Bxc3 14. Bxc3 Qxb5
15. Qe3 f6 16. h4 Ne5 17. Nh2 Qd3 18. Qf4 Nbd7 19. Rad1 Qc4 20. Re3 Qa4 21. b3
Qxa2 22. Ra1 Qc2 23. Rg3 Nd3 24. Qd2 Qxd2 25. Bxd2 Bb5 26. Rxa8 Rxa8 27. Ng4 h5
 0-1

[Event "II Open Internacional Hotel Murta Xativa (Event Code: 141022)"]
[Site "Hotel Murta"]
[Date "2016.08.22"]
[Round "1"]
[Board "10"]
[White "Ibanez Aullana, Ramon"]
[Black "Vila Tormo, Eduardo"]
[Result "1-0"]
[WhiteElo "2249"]
[BlackElo "1653"]
[PlyCount "87"]
[EventDate "2016.08.22"]
[EventRounds "9"]
[EventCountry "ESP"]

1. d4 Nf6 2. c4 d5 3. cxd5 Nxd5 4. e4 Nf6 5. Nc3 e5 6. Nf3 exd4 7. Nxd4 Bc5 8.
Be3 O-O 9. Be2 Bxd4 10. Bxd4 Nc6 11. Bc5 Qxd1+ 12. Rxd1 Re8 13. f3 Be6 14. b3
Nd7 15. Bf2 Nb6 16. Nb5 Rac8 17. O-O f5 18. Bd3 Nb4 19. Nxa7 Nxd3 20. Rxd3 Ra8
21. Nb5 Rec8 22. a4 Nd7 23. Rfd1 Ne5 24. Rc3 c6 25. Nd4 Rd8 26. Rdc1 Bc8 27.
exf5 Rf8 28. Bg3 c5 29. Bxe5 cxd4 30. Rc7 Re8 31. Rxg7+ Kf8 32. Rxh7 Bxf5 33.
Rh8+ Kf7 34. Rc7+ Ke6 35. Rxe8+ Rxe8 36. Bxd4 Rd8 37. Rc4 Bd3 38. Rb4 Ba6 39.
Kf2 Rc8 40. g4 Rc2+ 41. Kg3 Kd5 42. h4 Bf1 43. h5 Rg2+ 44. Kf4 1-0

[Event "II Open Internacional Hotel Murta Xativa (Event Code: 141022)"]
[Site "Hotel Murta"]
[Date "2016.08.22"]
[Round "1"]
[Board "11"]
[White "Fernandez Sanchez, Vicente"]
[Black "Nieves Cabanes, Jose Manuel"]
[Result "0-1"]
[WhiteElo "1652"]
[BlackElo "2227"]
[PlyCount "76"]
[EventDate "2016.08.22"]
[EventRounds "9"]
[EventCountry "ESP"]

1. d4 Nf6 2. c3 b6 3. Nd2 Bb7 4. e3 c5 5. Ngf3 g6 6. Bd3 Bg7 7. O-O O-O 8. Re1
d6 9. Qc2 Nc6 10. Ne4 Nxe4 11. Bxe4 d5 12. Bd3 Rc8 13. Qe2 Qd6 14. Bd2 Rfe8 15.
Rab1 e5 16. dxe5 Nxe5 17. Bb5 Re7 18. Ba6 Nxf3+ 19. gxf3 Bxa6 20. Qxa6 Rce8 21.
Rbd1 Qf6 22. f4 Qf5 23. Qf1 h5 24. Bc1 h4 25. Qg2 d4 26. cxd4 cxd4 27. b3 Bf6
28. Kf1 Kg7 29. Qf3 dxe3 30. Rxe3 Rxe3 31. fxe3 Qc2 32. Qe2 Rc8 33. Ba3 Qe4 34.
Kg1 Rc3 35. Kf2 h3 36. Bb2 Qg2+ 37. Ke1 Qxe2+ 38. Kxe2 Rc2+ 0-1

[Event "II Open Internacional Hotel Murta Xativa (Event Code: 141022)"]
[Site "Hotel Murta"]
[Date "2016.08.22"]
[Round "1"]
[Board "12"]
[White "Montalban Galvez, Antoni"]
[Black "Sanleon Pravisano, Nieves"]
[Result "1-0"]
[WhiteElo "2221"]
[BlackElo "1643"]
[PlyCount "49"]
[EventDate "2016.08.22"]
[EventRounds "9"]
[EventCountry "ESP"]

1. d4 d5 2. c4 e6 3. Nf3 Nf6 4. g3 Be7 5. Bg2 O-O 6. O-O b6 7. cxd5 exd5 8. Ne5
Bb7 9. Nc3 c5 10. dxc5 bxc5 11. Qb3 Qb6 12. Bg5 Re8 13. Rfd1 h6 14. Bxf6 Bxf6
15. Nxd5 Qxb3 16. axb3 Bxe5 17. Nf6+ Bxf6 18. Bxb7 Rxe2 19. Bxa8 Bd4 20. Rxa7
Re8 21. Bd5 Rf8 22. Kg2 g6 23. b4 Kg7 24. b3 g5 25. b5 1-0

[Event "II Open Internacional Hotel Murta Xativa (Event Code: 141022)"]
[Site "Hotel Murta"]
[Date "2016.08.22"]
[Round "1"]
[Board "13"]
[White "Gomez Maestro, Gustavo"]
[Black "Nieves Cabanes, Javier"]
[Result "0-1"]
[WhiteElo "1638"]
[BlackElo "2215"]
[PlyCount "39"]
[EventDate "2016.08.22"]
[EventRounds "9"]
[EventCountry "ESP"]

1. d4 Nf6 2. c4 e6 3. Nf3 c5 4. d5 d6 5. Nc3 exd5 6. cxd5 g6 7. g3 Bg7 8. Bg2
O-O 9. O-O Re8 10. Nd2 a6 11. a4 Nbd7 12. h3 Nh5 13. e4 Ne5 14. f4 Nd3 15. Rf3
Nxc1 16. Rxc1 Rb8 17. g4 Bd4+ 18. Kh1 Nf6 19. f5 gxf5 20. Rxf5 0-1

[Event "II Open Internacional Hotel Murta Xativa (Event Code: 141022)"]
[Site "Hotel Murta"]
[Date "2016.08.22"]
[Round "1"]
[Board "14"]
[White "Garcia Amoros, Pablo"]
[Black "Sanchez Tapia, Luis G."]
[Result "1-0"]
[WhiteElo "2175"]
[BlackElo "1626"]
[PlyCount "61"]
[EventDate "2016.08.22"]
[EventRounds "9"]
[EventCountry "ESP"]

1. e4 d6 2. d4 Nf6 3. Nc3 c6 4. Bg5 Qa5 5. Qd2 h6 6. Bf4 b5 7. f3 Nh5 8. Be3 e6
9. Nge2 Be7 10. Nc1 Qd8 11. Nd3 Nd7 12. e5 g5 13. g4 Ng7 14. exd6 Bxd6 15. Ne4
Nb6 16. Ne5 Bb7 17. O-O-O Nd5 18. Bd3 O-O 19. h4 Nxe3 20. Qxe3 f6 21. Nxd6 Qxd6
22. Qe4 f5 23. Qe3 Qd8 24. hxg5 Qxg5 25. f4 Qd8 26. Rxh6 Rf6 27. Rdh1 Rxh6 28.
Rxh6 Qa5 29. c3 fxg4 30. Qg3 Qxa2 31. Qh4 1-0

[Event "II Open Internacional Hotel Murta Xativa (Event Code: 141022)"]
[Site "Hotel Murta"]
[Date "2016.08.22"]
[Round "1"]
[Board "15"]
[White "La Orden Garcia, Raquel"]
[Black "Martorell Aubanell, Adria"]
[Result "1/2-1/2"]
[WhiteElo "1611"]
[BlackElo "2162"]
[PlyCount "228"]
[EventDate "2016.08.22"]
[EventRounds "9"]
[EventCountry "ESP"]

1. c4 Nf6 2. Nc3 g6 3. Nf3 Bg7 4. g3 O-O 5. Bg2 d6 6. O-O e5 7. d3 h6 8. Bd2 a5
9. Rb1 Bd7 10. Qc1 Kh7 11. Rd1 Bc6 12. Qc2 Nbd7 13. e3 d5 14. cxd5 Nxd5 15.
Nxd5 Bxd5 16. Ng5+ hxg5 17. Bxd5 c6 18. Bg2 g4 19. h3 gxh3 20. Bxh3 f5 21. Bc3
Nb6 22. d4 e4 23. Kg2 Nd5 24. Rh1 Kg8 25. b4 axb4 26. Bxb4 Rf7 27. Bd2 Ra3 28.
Rb3 Qa8 29. Rxa3 Qxa3 30. Qb3 Qa6 31. a4 g5 32. Kg1 Qe2 33. Bb4 Qa6 34. Bd2 Qa8
35. Bg2 Bf8 36. Rh5 Qd8 37. Bf1 Qf6 38. Bc4 Qg6 39. Bxd5 Qxh5 40. Bxf7+ Qxf7
41. Qc2 Qd5 42. Qd1 g4 43. Kg2 Bg7 44. Kg1 Qc4 45. a5 Qd3 46. Qc1 Bf8 47. Qb2
Qb5 48. Qa2+ Qd5 49. Qb2 Qb5 50. Qa2+ Qd5 51. Qb2 Qf7 52. Kg2 Bd6 53. Qb6 Qc7
54. Qb3+ Qf7 55. Qb6 Qd7 56. Qb3+ Kg7 57. Bc3 Be7 58. Qb6 Bd8 59. Qc5 Qd5 60.
Qa7 Qb5 61. Qb8 Bf6 62. Qc7+ Kg6 63. Qc8 Qb3 64. Be1 Qf7 65. a6 bxa6 66. Qxa6
Qd7 67. Qc4 Qd5 68. Qa6 Qb5 69. Qc8 Qd5 70. Qe8+ Kh6 71. Qf8+ Bg7 72. Qb4 Kg6
73. Qb6 Qb5 74. Qd8 Qd5 75. Qe8+ Kh6 76. Qe7 Kg6 77. Qe8+ Kh7 78. Qh5+ Bh6 79.
Qe8 Kg7 80. Qe7+ Kg6 81. Qe8+ Kf6 82. Qh8+ Bg7 83. Qc8 Qe6 84. Qd8+ Kg6 85. Qb6
Bf8 86. Qd8 Bh6 87. Qb6 Bg5 88. Qc5 Be7 89. Qb6 Qd6 90. Qb7 Kg5 91. Qc8 Bd8 92.
Qa6 Qd5 93. Qb7 Kf6 94. Qh7 Ke6 95. Qg8+ Kd7 96. Qg7+ Kc8 97. Qf8 Kb7 98. Qb4+
Qb5 99. Qf8 Bc7 100. Bb4 Qd5 101. Bc5 Bb6 102. Bxb6 Kxb6 103. Qb8+ Ka5 104.
Qa7+ Kb4 105. Qb7+ Kc3 106. Qb1 Qb5 107. Qa1+ Kc2 108. Qa2+ Kc3 109. Qa1+ Kb4
110. Qb2+ Kc4 111. Qa2+ Qb3 112. Qa6+ Qb5 113. Qa2+ Qb3 114. Qa6+ Kd5 1/2-1/2

[Event "II Open Internacional Hotel Murta Xativa (Event Code: 141022)"]
[Site "Hotel Murta"]
[Date "2016.08.23"]
[Round "2"]
[Board "1"]
[White "Uran Bermudez, Oliver Kevin"]
[Black "Munoz, Miguel"]
[Result "0-1"]
[WhiteElo "2104"]
[BlackElo "2451"]
[PlyCount "72"]
[EventDate "2016.08.22"]
[EventRounds "9"]
[EventCountry "ESP"]

1. d4 c5 2. e3 Nf6 3. Nf3 g6 4. c3 cxd4 5. exd4 Bg7 6. Bd3 O-O 7. O-O d6 8.
Nbd2 Nc6 9. Re1 Nd5 10. Nc4 b5 11. Ne3 Nc7 12. Be4 Bb7 13. Nd5 Nxd5 14. Bxd5 e6
15. Be4 e5 16. dxe5 dxe5 17. Qb3 a6 18. Bxc6 Bxc6 19. Nxe5 Bd5 20. Qc2 Re8 21.
Bf4 Bxe5 22. Rxe5 Rxe5 23. Bxe5 Bxg2 24. Rd1 Qg5 25. f4 Qg4 26. h3 Bxh3+ 27.
Kh2 Qh4 28. Kg1 Qg3+ 29. Kh1 Bg4 30. Rd3 Bf3+ 31. Rxf3 Qxf3+ 32. Qg2 Qd1+ 33.
Qg1 Rd8 34. Bd4 Qf3+ 35. Qg2 Qxf4 36. Qc6 Qd6 0-1

[Event "II Open Internacional Hotel Murta Xativa (Event Code: 141022)"]
[Site "Hotel Murta"]
[Date "2016.08.23"]
[Round "2"]
[Board "2"]
[White "Cruz Lledo, Pablo"]
[Black "Gomez Ferrer, Jesus"]
[Result "1-0"]
[WhiteElo "2414"]
[BlackElo "2081"]
[PlyCount "101"]
[EventDate "2016.08.22"]
[EventRounds "9"]
[EventCountry "ESP"]

1. d4 Nf6 2. c4 e6 3. Nc3 Bb4 4. Nf3 O-O 5. Bg5 d5 6. e3 b6 7. Qb3 Bxc3+ 8.
Qxc3 Nbd7 9. cxd5 exd5 10. Bb5 Bb7 11. Bxd7 Qxd7 12. Bxf6 gxf6 13. O-O Kh8 14.
Rfc1 Rac8 15. Ne1 Rg8 16. f3 Rg6 17. b4 Qf5 18. Rc2 Ba6 19. Rac1 Bc4 20. e4 Qh5
21. Qe3 Rcg8 22. Qf4 c6 23. Rf2 b5 24. Nc2 Qg5 25. Qxg5 Rxg5 26. Ne3 h5 27. h4
R5g6 28. Rc3 Re8 29. exd5 cxd5 30. Rd2 Kh7 31. Kf2 Rgg8 32. Ra3 Re7 33. Nf5 Rd7
34. Re3 Ra8 35. Ra3 Re8 36. Rc2 Kg6 37. Ne3 Re6 38. Ra5 f5 39. g3 f6 40. Ng2
Kh6 41. Nf4 Rb6 42. Rc3 Re7 43. Raa3 Rb8 44. Re3 Rbe8 45. Rxe7 Rxe7 46. Ra6 Kg7
47. Nxh5+ Kg6 48. Nf4+ Kf7 49. a3 Rd7 50. Nh5 Re7 51. Rxf6+ 1-0

[Event "II Open Internacional Hotel Murta Xativa (Event Code: 141022)"]
[Site "Hotel Murta"]
[Date "2016.08.23"]
[Round "2"]
[Board "3"]
[White "Hompanera Lopez, Enrique"]
[Black "Fenollar Jorda, Manuel"]
[Result "0-1"]
[WhiteElo "2044"]
[BlackElo "2338"]
[PlyCount "124"]
[EventDate "2016.08.22"]
[EventRounds "9"]
[EventCountry "ESP"]

1. e4 e5 2. Nf3 Nc6 3. Bb5 a6 4. Ba4 Nf6 5. d3 b5 6. Bb3 Bc5 7. O-O d6 8. c3
Bb6 9. Re1 O-O 10. Nbd2 Ne7 11. Nf1 Ng6 12. a4 Rb8 13. Ng3 Bd7 14. axb5 axb5
15. d4 Bg4 16. Be3 Re8 17. h3 Bd7 18. Ng5 Rf8 19. Nh5 h6 20. Nxf7 Rxf7 21. Qf3
Qe7 22. Nxf6+ Qxf6 23. Qxf6 gxf6 24. dxe5 Nxe5 25. Bxf7+ Kxf7 26. Bxb6 Rxb6 27.
Ra7 Rc6 28. Rb7 Rc4 29. Ra1 Nd3 30. Raa7 Nxb2 31. Rxc7 Rxc7 32. Rxc7 Ke7 33.
Kf1 Kd8 34. Ra7 Na4 35. Ke2 Nxc3+ 36. Kd3 Na4 37. Ra8+ Ke7 38. Rh8 Be6 39. Rxh6
b4 40. Rh7+ Bf7 41. Rh8 b3 42. Rb8 b2 43. Kc2 Ba2 44. f3 b1=Q+ 45. Rxb1 Bxb1+
46. Kxb1 Nc3+ 47. Kc2 Ne2 48. Kd2 Nf4 49. g3 Nxh3 50. f4 Nf2 51. Ke3 Nd1+ 52.
Kd4 Nf2 53. Ke3 Nd1+ 54. Kd4 Ke6 55. g4 Nf2 56. g5 fxg5 57. fxg5 Ng4 58. g6 Nf6
59. g7 Ng8 60. Kd3 Ke5 61. Ke3 Ne7 62. Kd3 Kf6 0-1

[Event "II Open Internacional Hotel Murta Xativa (Event Code: 141022)"]
[Site "Hotel Murta"]
[Date "2016.08.23"]
[Round "2"]
[Board "4"]
[White "Castella Garcia, Fausto"]
[Black "Gomez Sanjuan, Hector Fernando"]
[Result "1-0"]
[WhiteElo "2325"]
[BlackElo "2025"]
[PlyCount "59"]
[EventDate "2016.08.22"]
[EventRounds "9"]
[EventCountry "ESP"]

1. e4 e6 2. d4 d5 3. Nc3 Nf6 4. Bg5 dxe4 5. Nxe4 Be7 6. Bxf6 gxf6 7. Nf3 f5 8.
Nc3 a6 9. g3 b5 10. Bg2 Bb7 11. O-O b4 12. Ne2 Nd7 13. c4 Nf6 14. d5 exd5 15.
Nfd4 Qd7 16. Qc2 Ne4 17. Bh3 dxc4 18. Nxf5 Ng5 19. Bg2 Bxg2 20. Kxg2 Qc6+ 21.
f3 Bf6 22. Ned4 Bxd4 23. Nxd4 Qc5 24. Rfe1+ Kf8 25. Rad1 h5 26. h4 Nh7 27. Qe4
Rc8 28. Qf4 Qb6 29. Ne6+ Kg8 30. Qh6 1-0

[Event "II Open Internacional Hotel Murta Xativa (Event Code: 141022)"]
[Site "Hotel Murta"]
[Date "2016.08.23"]
[Round "2"]
[Board "5"]
[White "Garcia Martinez, Cesar"]
[Black "Kovacevic, Slobodan"]
[Result "0-1"]
[WhiteElo "1969"]
[BlackElo "2303"]
[PlyCount "136"]
[EventDate "2016.08.22"]
[EventRounds "9"]
[EventCountry "ESP"]

1. e4 c5 2. Nf3 e6 3. d4 cxd4 4. Nxd4 a6 5. Nc3 Qc7 6. g3 Bb4 7. Bd2 Nf6 8. Bg2
Be7 9. a4 d6 10. Qe2 Nbd7 11. O-O O-O 12. Rfc1 Ne5 13. Nd1 Bd7 14. c4 Rfc8 15.
b3 Be8 16. Rab1 Rab8 17. h3 Nc6 18. Bc3 Nd7 19. Ne3 Qb6 20. Rd1 Bf8 21. Qd2 Nc5
22. a5 Qc7 23. b4 Nd7 24. Rdc1 Qd8 25. Kh2 h5 26. Nxc6 bxc6 27. Rd1 h4 28. Qe2
hxg3+ 29. fxg3 Qg5 30. h4 Qg6 31. Qg4 Qh7 32. Qf4 Be7 33. Kg1 Rb7 34. e5 dxe5
35. Bxe5 Nxe5 36. Qxe5 Rxb4 37. Be4 Qh8 38. Rxb4 Bxb4 39. Rb1 Bf8 40. Rb8 Rxb8
41. Qxb8 g6 42. Qxe8 Qd4 43. Qxc6 Qxe3+ 44. Kh2 Qd2+ 45. Kh3 Qxa5 46. Bf3 Qe5
47. Qe4 Qxe4 48. Bxe4 a5 49. Bc6 Kg7 50. Kg4 f5+ 51. Kf3 Be7 52. Be8 e5 53. Ke3
Bc5+ 54. Kf3 e4+ 55. Ke2 Kf6 56. Bd7 Ke7 57. Bc6 Kf6 58. Be8 g5 59. Bc6 gxh4
60. gxh4 Ke5 61. h5 Bf8 62. Bd7 f4 63. Kd2 f3 64. c5 Bxc5 65. h6 e3+ 66. Kd3
Kf6 67. h7 Kg7 68. Bg4 e2 0-1

[Event "II Open Internacional Hotel Murta Xativa (Event Code: 141022)"]
[Site "Hotel Murta"]
[Date "2016.08.23"]
[Round "2"]
[Board "6"]
[White "Ballester Llagaria, Luis Eduardo"]
[Black "Gonzalvez Tamarit, Ruben"]
[Result "1/2-1/2"]
[WhiteElo "2299"]
[BlackElo "1974"]
[PlyCount "149"]
[EventDate "2016.08.22"]
[EventRounds "9"]
[EventCountry "ESP"]

1. e4 e5 2. Nf3 Nc6 3. d4 exd4 4. Nxd4 Bc5 5. Nb3 Bb6 6. Qe2 Qf6 7. Nc3 Nge7 8.
Be3 d6 9. O-O-O Bd7 10. f3 O-O-O 11. Kb1 Kb8 12. g3 Rhe8 13. Bg2 Qg6 14. Rhe1
f5 15. Bxb6 axb6 16. f4 fxe4 17. Bxe4 Bf5 18. Qf3 Qg4 19. Qg2 Bxe4 20. Qxe4 Qh5
21. Qg2 Nf5 22. Qf2 Qf7 23. g4 Nh6 24. h3 Rxe1 25. Rxe1 Re8 26. a3 Rxe1+ 27.
Qxe1 Qe7 28. Qe4 Qxe4 29. Nxe4 Nf7 30. Kc1 Kc8 31. Kd2 Kd7 32. Ng3 Ke6 33. Ke3
d5 34. f5+ Ke5 35. Nc1 g5 36. Nh5 h6 37. Ng7 Nd6 38. Nd3+ Kf6 39. Ne6 Ne8 40.
b3 Ke7 41. Kf3 Kd6 42. Kg3 Nf6 43. Nf2 Ke5 44. Nxc7 Nd4 45. Nd3+ Ke4 46. Nb4
Ne2+ 47. Kf2 Nf4 48. Kg3 Ne2+ 49. Kh2 Nd4 50. Na8 b5 51. Nb6 h5 52. gxh5 Nxh5
53. N6xd5 Kxf5 54. Nc7 Nf4 55. Kg3 Nfe2+ 56. Kf2 Nf4 57. Kg3 Nfe2+ 58. Kf2 Nf4
59. Ke3 Nc6 60. Nxb5 Nxb4 61. axb4 Ke5 62. Kf3 Nxh3 63. Kg4 Nf4 64. Kxg5 Nd5
65. c3 b6 66. Kg6 Ke4 67. Kf7 Kd3 68. Ke6 Nxc3 69. Na3 Na2 70. b5 Kc3 71. Kd6
Kxb3 72. Nb1 Kb2 73. Nd2 Nc3 74. Kc6 Nxb5 75. Kxb6 1/2-1/2

[Event "II Open Internacional Hotel Murta Xativa (Event Code: 141022)"]
[Site "Hotel Murta"]
[Date "2016.08.23"]
[Round "2"]
[Board "7"]
[White "La Orden Gil, Javier"]
[Black "Gomez Jurado, Luis Alberto"]
[Result "0-1"]
[WhiteElo "1957"]
[BlackElo "2266"]
[PlyCount "62"]
[EventDate "2016.08.22"]
[EventRounds "9"]
[EventCountry "ESP"]

1. d4 Nf6 2. Nf3 c5 3. e3 g6 4. Be2 Bg7 5. O-O O-O 6. Nbd2 b6 7. b3 Bb7 8. Bb2
d6 9. c4 cxd4 10. exd4 d5 11. Re1 Nc6 12. Bf1 Rc8 13. Rc1 e6 14. a3 Ne7 15. c5
Ne4 16. b4 bxc5 17. bxc5 Bc6 18. Rb1 Rb8 19. Bd3 Nxc5 20. dxc5 Bxb2 21. Qc2 Bg7
22. Rxb8 Qxb8 23. Rb1 Qc7 24. Qb3 e5 25. Be2 e4 26. Ne1 Nf5 27. Nc2 Qf4 28. Nf1
d4 29. Bc4 d3 30. Nce3 Nd4 31. Qb4 Ne2+ 0-1

[Event "II Open Internacional Hotel Murta Xativa (Event Code: 141022)"]
[Site "Hotel Murta"]
[Date "2016.08.23"]
[Round "2"]
[Board "8"]
[White "Garcia Jimenez, Francisco Javier"]
[Black "Martin Perez, Carlos"]
[Result "1-0"]
[WhiteElo "2251"]
[BlackElo "1961"]
[PlyCount "57"]
[EventDate "2016.08.22"]
[EventRounds "9"]
[EventCountry "ESP"]

1. e4 c5 2. Nc3 Nc6 3. g3 g6 4. Bg2 Bg7 5. d3 e6 6. Be3 Nge7 7. Bxc5 Qa5 8. Be3
d5 9. Bd2 d4 10. Nd5 Qd8 11. Nxe7 Qxe7 12. Ne2 e5 13. O-O O-O 14. c3 Be6 15.
cxd4 exd4 16. Nf4 Ne5 17. Qa4 Qd7 18. Qa3 Rfc8 19. Rac1 Bf8 20. Bb4 Rxc1 21.
Rxc1 Bg4 22. Bxf8 Rxf8 23. Nd5 Kg7 24. f4 Rc8 25. b4 Rxc1+ 26. Qxc1 Qc6 27. Qb2
Qa4 28. fxe5 Qd1+ 29. Bf1 1-0

[Event "II Open Internacional Hotel Murta Xativa (Event Code: 141022)"]
[Site "Hotel Murta"]
[Date "2016.08.23"]
[Round "2"]
[Board "9"]
[White "Miquel Badenes, Indalecio"]
[Black "Ibanez Aullana, Ramon"]
[Result "1-0"]
[WhiteElo "1863"]
[BlackElo "2249"]
[PlyCount "125"]
[EventDate "2016.08.22"]
[EventRounds "9"]
[EventCountry "ESP"]

1. d4 Nf6 2. c4 e6 3. Nf3 b6 4. g3 Ba6 5. Qc2 b5 6. Nbd2 bxc4 7. Nxc4 Bb4+ 8.
Bd2 Qe7 9. Bg2 O-O 10. O-O Bxd2 11. Nfxd2 d5 12. Rfe1 c5 13. dxc5 Qxc5 14. Qa4
Ng4 15. e3 Bb5 16. Qd1 Nf6 17. Rc1 Nbd7 18. Ne5 Qb6 19. Nxd7 Nxd7 20. Nf3 Nc5
21. Bf1 Rac8 22. Qd4 Bxf1 23. Rxf1 Nd7 24. b3 Qa6 25. a4 Qb7 26. Rc3 Rxc3 27.
Qxc3 Rc8 28. Qa5 Qb6 29. Qxb6 axb6 30. b4 Kf8 31. a5 bxa5 32. bxa5 Ra8 33. Ra1
e5 34. Kf1 f6 35. Ke2 Nc5 36. Nd2 Ke7 37. Ra3 Ra6 38. f3 Kd6 39. Kd1 Kc6 40. e4
d4 41. f4 Kb5 42. fxe5 fxe5 43. Rf3 Rf6 44. Ra3 d3 45. Ke1 Kb4 46. Ra1 Na6 47.
Rb1+ Kc5 48. Rb7 Kd4 49. Rxg7 Nc5 50. Rxh7 Ra6 51. Rc7 Rh6 52. h4 Rg6 53. Kf2
Nxe4+ 54. Nxe4 Kxe4 55. Rc4+ Kd5 56. Ra4 Ra6 57. Ke3 Rg6 58. g4 e4 59. Rd4+ Kc5
60. Rxe4 Rd6 61. Kd2 Kb5 62. g5 Kxa5 63. Rg4 1-0